<?xml version="1.0" encoding="UTF-8"?>
<marc:record xmlns:marc="http://www.loc.gov/MARC21/slim">
   <marc:leader>00000nam a2200000 a 4500</marc:leader>
   <marc:datafield ind1="1" ind2=" " tag="100">
      <marc:subfield code="a">Jacobsen, Roy</marc:subfield>
      <marc:subfield code="4">aut</marc:subfield>
      <marc:subfield code="e">Verfasser/-in</marc:subfield>
   </marc:datafield>
   <marc:datafield ind1="0" ind2="0" tag="245">
      <marc:subfield code="a">Die Kinder von Barroy</marc:subfield>
   </marc:datafield>
   <marc:datafield ind1=" " ind2="1" tag="264">
      <marc:subfield code="b">Insel Verl.</marc:subfield>
      <marc:subfield code="c">2023</marc:subfield>
   </marc:datafield>
   <marc:datafield ind1="1" ind2=" " tag="520">
      <marc:subfield code="a">Nach einer langen und beschwerlichen Reise durch Norwegen ist Ingrid zurück auf Barrøy. Das Leben auf der winzigen Schäreninsel wird noch immer vom Zweiten Weltkrieg überschattet, die Menschen wollen nichts als vergessen. Eines Tages wird der fünfjährige Mathias auf die Insel gebracht, den Ingrid sofort bei sich aufnimmt. Doch die Gemeinschaft auf der Insel ahnt nicht, dass Mathias‘ Herkunft ein dramatisches Geheimnis umgibt.
Roy Jacobsen erzählt mit großer Intensität vom Zusammenleben in einer Gemeinschaft, einem Land im Wandel und der Unerbittlichkeit des Meeres. Aber vor allem ist es das Porträt einer außergewöhnlichen Heldin, einer Mutter, die allen Schicksalsschlägen zum Trotz Verantwortung übernimmt.</marc:subfield>
   </marc:datafield>
   <marc:datafield ind1=" " ind2=" " tag="020">
      <marc:subfield code="a">9783458682899</marc:subfield>
      <marc:subfield code="9">9783458682899</marc:subfield>
   </marc:datafield>
</marc:record>
